000
00260nam a22000977a 4500
999
_c
11632
_d
11632
008
190921b ||||| |||| 00| 0 eng d
020
_a
9789388788854
100
_a
Goyal
_9
7335
245
_a
Score Well Social Science- IX
260
_a
New Delhi
_b
Goyal Brothers
_c
2019